Konkurencieschopnosť a bazárový efekt

Posilnenie globálnej konkurencieschopnosti firiem. Znižovanie výrobných nákladov využívaním outsourcingu a offshoringu. Prenesenie výroby do krajín s nízkymi mzdovými nákladmi nazývané ako "bazárový efekt". Väčšia konkurenčná schopnosť firiem s nízkymi mzdovými nákladmi. Bazárový efekt v zmene štruk...

Celý popis

Uložené v:
Podrobná bibliografia
Hlavný autor: Jamnický, Peter
Médium: Kapitola
Jazyk:Slovak
Predmet:
Tagy: Pridať tag
Žiadne tagy, Buďte prvý, kto otaguje tento záznam!

MARC

LEADER 00000naa$a2200000$$$4500
001 0050164
005 20240502071558.2
041 0 |a slo 
044 |a SK 
245 1 0 |a Konkurencieschopnosť a bazárový efekt  |c Peter Jamnický 
520 |a Posilnenie globálnej konkurencieschopnosti firiem. Znižovanie výrobných nákladov využívaním outsourcingu a offshoringu. Prenesenie výroby do krajín s nízkymi mzdovými nákladmi nazývané ako "bazárový efekt". Väčšia konkurenčná schopnosť firiem s nízkymi mzdovými nákladmi. Bazárový efekt v zmene štruktúry priemyslu. 
610 2 0 |a firmy 
610 2 0 |a konkurencieschopnosť 
610 2 0 |a náklady výrobné 
610 2 0 |a náklady mzdové 
610 2 0 |a outsourcing 
610 2 0 |a offshoring 
610 2 0 |a technológie nové 
610 2 0 |a trh svetový 
100 1 |a Jamnický, Peter